Bezhlavý čas

Bibliographic Details
Main Author: Hykisch, Anton, 1932-2024 (Author)
Format: Book
Language:Slovak
PhysicalDescription:476 strán 24 cm
Published: Bratislava Ikar 2022
ISBN:9788055181448
Edition:Prvé vydanie
Subjects:

MARC

LEADER 00000cam a2200000 4500
001 vtls012126893
003 SK-MaSNL
005 20260301055310.0
008 220314s2022 xo gr 000 f slo
015 |a SNBA2022/05 
020 |a 9788055181448  |q (viazané) 
040 |a SNK  |b slo  |c SNK  |e rda 
041 0 |a slo 
044 |a xo  |c SK 
072 7 |a 821.162.4-3  |x Slovenská próza  |2 konspekt 
080 |a 323.272  |2 2011 
080 |a 821.162.4-31  |2 2011 
080 |a (0:82-311.6)  |2 2011 
100 1 |a Hykisch, Anton,  |d 1932-2024  |4 aut  |9 99016 
245 1 0 |a Bezhlavý čas  |c Anton Hykisch 
250 |a Prvé vydanie 
264 1 |a Bratislava  |b Ikar  |c 2022 
300 |a 476 strán  |c 24 cm 
336 |a text  |b txt  |2 rdacontent 
337 |a bez média  |b n  |2 rdamedia 
338 |a zväzok  |b nc  |2 rdacarrier 
650 0 7 |a revolúcie  |2 SNKPH  |9 4760 
650 0 7 |a Revolutions  |2 SNKPHeng  |9 315873 
655 7 |a historické romány  |2 SNKPH  |9 70253 
655 7 |a Slovak fiction  |2 SNKPHeng  |9 277096 
655 7 |a Historical novels  |2 SNKPHeng  |9 276887 
655 7 |a slovenské romány  |2 SNKPH  |9 70324 
919 |a 978-80-551-8144-8 
954 |a beletria pôvodná (slovenská)  |2 lita 
958 |a LX 
999 |c 613014  |d 614944 
952 |a SNK  |b SNK  |y PREZ  |7 0  |p 17A1482087  |o snkSC 197032  |i snk2022/6188  |8 0  |0 0  |1 0  |4 0  |d 2022-04-26  |f 1  |l 0  |r 2025-10-16 00:00:00  |w 2026-02-23 
952 |a SNK  |b SNK  |y PREZ  |7 0  |p 17A1482088  |o snkSC 197032 D1  |i snk2022/6189  |8 0  |0 0  |1 0  |4 0  |d 2022-04-26  |l 0  |r 2026-02-23 16:29:13  |w 2026-02-23